[Event "HUN-chT2 Barcza 1819"]
[Site "Hungary"]
[Date "2019.03.10"]
[Round "9.8"]
[White "Duzs, Jozsef"]
[Black "Jonizs, Zoltan"]
[Result "1-0"]
[WhiteElo "1958"]
[BlackElo "1705"]
[PlyCount "127"]
[EventDate "2018.09.23"]
[EventType "team-tourn"]
[EventRounds "11"]
[EventCountry "HUN"]
[SourceTitle "EXT 2021"]
[Source "ChessBase"]
[SourceDate "2020.10.23"]
[SourceVersion "1"]
[SourceVersionDate "2020.10.23"]
[SourceQuality "1"]
[WhiteTeam "Edeleny"]
[BlackTeam "Kazincbarcika"]
[WhiteTeamCountry "HUN"]
[BlackTeamCountry "HUN"]

1. d4 f5 2. c4 Nf6 3. Nf3 g6 4. Nc3 Bg7 5. Bg5 0-0 6. g3 d6 7. Bg2 Nc6 8. 0-0 Ne4 9. Bc1 e5 10. d5 Nxc3 11. bxc3 Na5 12. Nd2 e4 13. Bb2 b6 14. e3 Ba6 15. Qa4 Qe8 16. Qb4 c5 17. dxc6 Qxc6 18. Rfd1 Rac8 19. Bf1 Rfd8 20. Nb3 Nxc4 21. Nd4 Bxd4 22. cxd4 Nxb2 23. Qxb2 Bxf1 24. Rxf1 Rc7 25. Rfc1 Qb7 26. Rxc7 Qxc7 27. Rc1 Qb7 28. Qc3 Rd7 29. a4 d5 30. Kg2 Kf7 31. Qc8 Qxc8 32. Rxc8 Ke6 33. Rc6+ Ke7 34. a5 b5 35. a6 Kd8 36. Re6 b4 37. Rb6 Ke7 38. Rxb4 Kd6 39. h3 Rc7 40. g4 fxg4 41. hxg4 h5 42. Rb8 hxg4 43. Rg8 Kc6 44. Rxg6+ Kb5 45. Rd6 Rc6 46. Rxd5+ Kxa6 47. Re5 Kb6 48. Rxe4 a5 49. Rxg4 Kb5 50. d5 Ra6 51. Rd4 Kc5 52. Kf3 Rb6 53. Ra4 Kb5 54. Ra1 a4 55. Ke4 Rh6 56. f4 Kb4 57. Ke5 Rh3 58. e4 a3 59. d6 Kb3 60. d7 Rd3 61. Ke6 Rd4 62. e5 Kb2 63. Rxa3 Kxa3 64. Ke7 1-0

[Event "HUN-chT2 Barcza 1718"]
[Site "Hungary"]
[Date "2018.05.06"]
[Round "11.8"]
[White "Mester, Janos"]
[Black "Jonizs, Zoltan"]
[Result "1-0"]
[WhiteElo "1643"]
[BlackElo "1757"]
[PlyCount "149"]
[EventDate "2017.09.24"]
[EventType "team-tourn"]
[EventRounds "11"]
[EventCountry "HUN"]
[SourceTitle "EXT 2021"]
[Source "ChessBase"]
[SourceDate "2020.10.23"]
[SourceVersion "1"]
[SourceVersionDate "2020.10.23"]
[SourceQuality "1"]
[WhiteTeam "Tiszavasvar"]
[BlackTeam "Kazincbarcika"]
[WhiteTeamCountry "HUN"]
[BlackTeamCountry "HUN"]

1. d4 f5 2. e3 Nf6 3. Nf3 e6 4. a3 Be7 5. Bd3 0-0 6. 0-0 b6 7. c4 Bb7 8. Nbd2 d6 9. Qc2 Qe8 10. b3 Nbd7 11. Bb2 c5 12. Rae1 Qg6 13. d5 Ne4 14. Nxe4 fxe4 15. Bxe4 Qh6 16. dxe6 Bxe4 17. Qxe4 Nf6 18. Qf4 Qg6 19. Nh4 Qc2 20. Nf5 Qxb2 21. Nxe7+ Kh8 22. Qh4 Rfe8 23. Ng6+ Kg8 24. Nf4 Qe5 25. Qh3 Ne4 26. Rd1 Ng5 27. Qg4 Nxe6 28. Rd5 Qe4 29. Qd1 Nxf4 30. exf4 Qxf4 31. Rxd6 Qe5 32. Rd7 Qf6 33. Qd5+ Qe6 34. Qb7 Qf6 35. Rfd1 Qc3 36. g3 Rf8 37. Kg2 Rae8 38. Qd5+ Kh8 39. Rf7 Rxf7 40. Qxf7 Qe5 41. Rd7 h5 42. Rxa7 Qe4+ 43. Qf3 Qxf3+ 44. Kxf3 g5 45. Rb7 Rf8+ 46. Ke3 Re8+ 47. Kd3 Re6 48. Rd7 Rf6 49. Ke3 g4 50. Ke2 Re6+ 51. Kf1 Kg8 52. b4 Re4 53. bxc5 bxc5 54. Rd5 Rxc4 55. Rxh5 Kf7 56. Rf5+ Ke6 57. Rf4 Rc1+ 58. Ke2 Rc2+ 59. Kd3 Ra2 60. a4 Ra3+ 61. Kc2 Kd5 62. Rxg4 Ra2+ 63. Kb3 Rxf2 64. h4 Rf3+ 65. Kb2 c4 66. h5 Rf2+ 67. Kc3 Rf3+ 68. Kd2 Rf2+ 69. Kc3 Rf3+ 70. Kd2 Rf2+ 71. Ke1 c3 72. Kd1 Ra2 73. h6 Rd2+ 74. Kc1 Ke5 75. h7 1-0

[Event "HUN-chT2 Barcza 1718"]
[Site "Hungary"]
[Date "2018.01.28"]
[Round "7.9"]
[White "Kacsandi, Lili Fruzsina"]
[Black "Jonizs, Zoltan"]
[Result "1-0"]
[WhiteElo "1826"]
[BlackElo "1757"]
[PlyCount "69"]
[EventDate "2017.09.24"]
[EventType "team-tourn"]
[EventRounds "11"]
[EventCountry "HUN"]
[SourceTitle "EXT 2021"]
[Source "ChessBase"]
[SourceDate "2020.10.23"]
[SourceVersion "1"]
[SourceVersionDate "2020.10.23"]
[SourceQuality "1"]
[WhiteTeam "Debrecen Sakkbaratok"]
[BlackTeam "Kazincbarcika"]
[WhiteTeamCountry "HUN"]
[BlackTeamCountry "HUN"]

1. e4 e5 2. Nf3 Nf6 3. Nxe5 d6 4. Nf3 Nxe4 5. Nc3 Qe7 6. Nd5 Nc3+ 7. Nxe7 Nxd1 8. Nxc8 Nxf2 9. Kxf2 Nc6 10. Nxa7 Rxa7 11. Bb5 Be7 12. Re1 Kd8 13. Bxc6 bxc6 14. d4 Kd7 15. Bd2 Rb8 16. b3 Bf6 17. Bg5 Bxg5 18. Nxg5 Ra5 19. Nf3 c5 20. a4 cxd4 21. Nxd4 Rh5 22. h3 Rb4 23. c3 Rb8 24. Re3 f6 25. b4 c5 26. Nb5 cxb4 27. cxb4 Ra8 28. Rd1 d5 29. g4 Re5 30. Rxe5 fxe5 31. Rxd5+ Kc6 32. Rd6+ Kb7 33. a5 Rf8+ 34. Ke2 Rf4 35. a6+ 1-0